Czy znasz tablice rejestracyjne województwa dolnośląskiego? - Statystyki

Ogólne statystyki
  • Ten quiz został rozwiązany 289 razy
  • Średni wynik to 27 z 31
Statystyki odpowiedzi
Powiat Wyróżnik % Poprawnych
Wrocław DW
95%
Jelenia Góra DJ
94%
Legnica DL
94%
Powiat jaworski DJA
93%
Powiat głogowski DGL
92%
Powiat kłodzki DKL
92%
Powiat strzeliński DST
92%
Powiat legnicki DLE
91%
Powiat świdnicki DSW
91%
Powiat trzebnicki DTR
91%
Powiat wrocłowski DWR
91%
Wałbrzych DB
90%
Powiat bolesławiecki DBL
90%
Powiat dzierżoniowski DDZ
90%
Powiat milicki DMI
90%
Powiat górowski DGR
89%
Powiat kamieniogórski DKA
89%
Powiat lubański DLB
89%
Powiat lubiński DLU
89%
Powiat lwówicki DLW
89%
Powiat oleśnicki DOL
89%
Powiat średzki DSR
89%
Powiat zgorzelecki DZG
89%
Powiat polkowicki DPL
88%
Powiat wołowski DWL
88%
Powiat złotoryjski DZL
88%
Powiat oławski DOA
86%
Powiat ząbkowicki DZA
86%
Powiat wałbrzyski DBA
84%
Powiat karkonoski DJE
83%
Wrocław (motocykle, II zasób) DX
50%
Nie znaleziono quizów pasujących do podanych kryteriów
Rozkład punktacji
Procent ludzi z każdym wynikiem
Percentyl według liczby udzielonych odpowiedzi
Twoja historia wyników
Nie rozwiązałeś tego quizu